000 03509nas a2200325 i 4500
001 172584
003 ES-MaACL
005 20250919134622.0
007 t|
008 090722c1884 sp a| | 1 ||pa d
080 _a3 : 061.12(460)
110 2 _aReal Academia de Ciencias Morales y Políticas (España)
_9222050
245 1 0 _aMemorias de la Real Academia de Ciencias Morales y Políticas
_g1884.
260 _aMadrid :
_b[s. n.],
_c1884 (
_fTip. Gutenberg)
300 _a1 v. ;
_c26 cm.
505 8 0 _aContiene: T. V : Noticia histórica de la Academia leída el 23 de diciembre de 1883 / Vicente de la Fuente (30 p.). Interés y trascendencia de los estudios políticos / Florencio Rodríguez Vaamonde (p. 31-62). De la conveniencia o inconveniencia de la libertad de comercio (p. 63-90). De la crisis monetaria (p. 91-106). Ventajas e inconvenientes de los privilegios de invención (p. 107-114). De los indultos generales y particulares (p. 115124). Adquisiciones de vienes por la Iglesia / Miguel Sanz (p. 125-130). Del influjo que tuvo la Iglesia en la abolición de la esclavitud (p. 131-148). La contribución territorial en España / José García Barzanallana (p. 149-168). Los nihilistas / Marqués de la Vega de Armijo (p. 169-186). Pensamientos político-religiosos de M. Ernesto J. Renán (p. 187-196). Segundo centenario de D. Pedro Calderón de la Barca / Marqués de Molins (p. 197-230). Una nota acerca de Virgilio / Marchor Salvá (p. 231-240). Congreso de Lausanne / Laureano Figuerola (p. 241-244). Filosofía del trabajo / Laureano Figuerola (p. 245-256). La organización municipal de Londres / José García Barzanallana (p. 257-278). El establecimiento penal de la Nueva Caledonia / José García Barzanallana (p. 279-294). El periodismo en los Estados Unidos / Marqués de la Vega de Armijo (p. 295-320). Establecimiento en Madrid de una casa de educación correccional de jóvenes en 1861 / Marqués de la Vega de Armijo (p. 321-328). Los Toribios de Sevilla / Vicente de la Fuente (p. 329-350). Las adoratrices / Vicente de la Fuente (p. 351-370). Influjo del positivsmo en las ciencias morales y políticas / Manuel Alonso Martínez (p. 371-422). Investigación judicial de la paternidad / Benito Gutiérrez Fernández (p. 423-496). Investigaciones judiciales de la paternidad / Fernando Calderón Collantes (p. 479-526). La cuestión de Egipto y del Canal de Suez / Carlos María Perier (p. 527-586). Canales intermarítimos (p. 587-594). El internacionalismo / Francisco de Cárdenas, Conde de Casa-Valencia (p. 595-608). Las asambleas provinciales en el siglo de Augusto (de MR. N. Duruy) / Melchor Salvá (p. 609-620). El bimetalismo internacional / Melchor Salvá (p. 621-684).
700 1 _aFuente, Vicente de la,
_d1817-1889
_952857
700 1 _aMolíns, Mariano Roca de Togores,
_cMarqués de,
_d1812-1889
_9130033
700 1 _aRodríguez Vaamonde, Florencio.
_998847
700 1 _aFiguerola, Laureano,
_d1816-1903
_950808
700 1 _aGarcía Barzanallana, José,
_d1819-1903
_954239
700 1 _aAlonso Martínez, Manuel,
_d1827-1891
_920356
700 1 _aAguilar y Correa, Antonio,
_cMarqués de la Vega de Armijo,
_d1824-1908
_918751
700 1 _aPerier, Carlos María.
_9131024
700 1 _aSalvá, Melchor,
_d1834-1918
_9102056
700 1 _aCárdenas, Francisco de,
_d1816-1898
_935138
700 1 _aCasa de Valencia, Emilio Alcalá Galiano y Valencia,
_cConde de,
_d1831-1914
_919462
852 _aES-MaACL
_jK-175
999 _c172584
_d172584